logo

Bir Sreshtho Munshi Abdur Rouf Library
Jhenaidah Cadet College

Lion's Gold / (Record no. 4067)

MARC details
000 -LEADER
fixed length control field 00528nam a2200217 a 4500
001 - CONTROL NUMBER
JCCL Control Number 4067
003 - CONTROL NUMBER IDENTIFIER
JCCL marc code BD-JhCC
005 - DATE AND TIME OF LATEST TRANSACTION
control field 20190917134018.0
008 - FIXED-LENGTH DATA ELEMENTS--GENERAL INFORMATION
fixed length control field 171118s uk |||| |||| 000 0 eng d
035 ## - SYSTEM CONTROL NUMBER
system control number (BD-JhCC)
040 ## - CATALOGING SOURCE
Original cataloging agency BD-JhCC
Modifying agency BD-JhCC
041 ## - LANGUAGE CODE
Language code of Book eng
082 ## - DEWEY DECIMAL CLASSIFICATION NUMBER
Classification number 823.914
Author mark and Year FEI
100 ## - MAIN ENTRY--PERSONAL NAME
Personal name Feild, Geoffrey
245 ## - TITLE STATEMENT
Title Lion's Gold /
Statement of responsibility, etc Geoffrey Feild
260 ## - PUBLICATION, DISTRIBUTION, ETC. (IMPRINT)
Place of publication, distribution, etc London :
Name of publisher, distributor, etc Blackie & Son Ltd
300 ## - PHYSICAL DESCRIPTION
Pagination 49 p.;
Dimensions 14 cm
490 ## - SERIES STATEMENT
Series statement The Crusader Series
650 ## - SUBJECT ADDED ENTRY--TOPICAL TERM
Topical term or geographic name as entry element Children stories
942 ## - ADDED ENTRY ELEMENTS (KOHA)
Source of classification or shelving scheme Dewey Decimal Classification
Koha item type Books
Koha issues (borrowed), all copies 2
Holdings
Source of classification or shelving scheme Damaged status Not for loan Home library Current library Shelving location Date of accession Total Checkouts Full call number Barcode Date last seen Copy number Koha item type Date checked out
Dewey Decimal Classification     JCC Rouf Library JCC Rouf Library General Stacks 11/22/2017   823.914 FEI 5993 11/22/2017 C-1 Books  
Dewey Decimal Classification     JCC Rouf Library JCC Rouf Library General Stacks 01/27/2018 1 823.914 FEI 9234 09/26/2019 C-2 Books 09/16/2019

JCC Library | Contacts | JCC Home

Last Update on 23 September 2017
Copyright @ 2017-2020 JCC Rouf Library
Rouf Library, Jhenidah Cadet College (JCC), Bangladesh